|
|
|
|
| LEADER |
00000nam a2200000Ii 4500 |
| 001 |
DIGEPUJ0304 |
| 003 |
NyNyDIG |
| 006 |
m o d |
| 007 |
cr ||||||||||| |
| 008 |
211015s2020 ck o 000 p spa d |
| 035 |
|
|
|a (OCoLC)1282640552
|
| 040 |
|
|
|a DGITA
|b eng
|e rda
|e pn
|c DGITA
|
| 020 |
|
|
|a 9789587815160
|q eBook
|
| 020 |
|
|
|z 9789587815153
|
| 043 |
|
|
|a n-mx---
|
| 050 |
1 |
4 |
|a PQ7298.14.E467 ebook
|
| 082 |
0 |
4 |
|a 861
|
| 100 |
1 |
|
|a Deltoro, Antonio,
|d 1947-
|e author.
|
| 245 |
1 |
0 |
|a A veces salto fuera de lo humano :
|b antología poética /
|c Antonio Deltoro ; prólogo y selección de Francisco José Cruz.
|
| 250 |
|
|
|a Primera edición.
|
| 264 |
|
1 |
|a Bogotá D.C. :
|b Editorial Pontificia Universidad Javeriana,
|c [2020]
|
| 300 |
|
|
|a 1 online resource.
|
| 336 |
|
|
|a text
|b txt
|2 rdacontent
|
| 337 |
|
|
|a computer
|b c
|2 rdamedia
|
| 338 |
|
|
|a online resource
|b cr
|2 rdacarrier
|
| 347 |
|
|
|a text file
|2 rdaft
|
| 347 |
|
|
|b EPUB
|
| 490 |
1 |
|
|a Colección poesía
|
| 588 |
0 |
|
|a Online resource; title from ePub title page (Digitalia, viewed October 15, 2021)
|
| 655 |
|
0 |
|a Electronic books.
|
| 655 |
|
7 |
|a Poetry.
|2 lcgft
|
| 700 |
1 |
|
|a Cruz Pérez, Francisco José,
|d 1962-
|e contributor agent of text.
|
| 791 |
2 |
|
|a Digitalia (Firm),
|e distributor.
|
| 793 |
0 |
|
|g Digitalia eBook Collection:
|a Pontificia Universidad Javeriana
|
| 776 |
0 |
8 |
|i Print version:
|a Deltoro, Antonio, 1947-
|t A veces salto fuera de lo humano..
|b Primera edición.
|d Bogotá D.C. : Editorial Pontificia Universidad Javeriana, [2020]
|z 9789587815153
|
| 830 |
|
0 |
|a Colección Poesía (Pontificia Universidad Javeriana)
|
| 856 |
4 |
0 |
|3 Digitalia Hispánica
|u https://www.digitaliapublishing.com/a/82955/
|
| 910 |
|
|
|a Premium collection: 2021
|